000 00751cam a2200229 a 4500
001 000010891
005 20200929162319.0
008 721222s1971 onca b 001 0 eng
020 _a0802016782
_a0802000495 (microfiche)
040 _aDO-SdBNP
_beng
_cLC
_dBNPHU
050 0 0 _aQE538.5
_b.C47
082 _a551.22
_bC419t
100 1 _aCervený, Vlastislav.
_926258
245 1 0 _aTheory of seismic head waves /
_cVlastislav Cervený y Ravi Ravindra.
260 _a[Toronto] :
_bUniversity of Toronto Press,
_c1971.
300 _axvi, 312 p. :
_bil. ;
_c24 cm.
504 _aBibliografía: p. [297]-306.
650 5 _aTerremotos
_926259
700 1 _aRavindra, Ravi,
_ejoint author.
_926260
910 _aCatalogación por copia / LC
049 _aBNGR
999 _c10633
_d10633